Finland's national symbols - Statistics

General Stats
  • This quiz has been taken 18 times
  • The average score is 10 of 15
Answer Stats
Question Answer % Correct
What is the national animal of Finland? Bear
94%
When is the independence day of Finland? 6.12.1917
89%
What is the national rock of Finland? Granite
83%
What is the national epic and who wrote it? The Kalevala - Elias Lönnrot
83%
Who is the current (2026) president of Finland? Alexander Stubb
78%
What is the national flower of Finland? Lily of the valley
78%
What animal appears in the coat of arms of Finland? Lion
72%
What is the national song of Finland? Our Land
72%
What is the national fish of Finland? Perch
72%
What is the national bird of Finland? Whooper swan
67%
Who is the national writer of Finland? Aleksis Kivi
61%
What is the national bug of Finland? Seven-spotted ladybird
56%
What is the national instrument of Finland? Zither
56%
What is the national food of Finlad? Rye bread
33%
What is the national butterfly of Finland? Holly Blue butterfly
22%
No matching quizzes found
Score Distribution
Percent of People with Each Score
Percentile by Number Answered
Your Score History
You have not taken this quiz